[Event "ROM-ch U10 Girls"]
[Site "Calimanesti Caciulata"]
[Date "2019.04.17"]
[Round "3.3"]
[White "Darie, Cleopatra Iuliana"]
[Black "Antal, Iris Ileana"]
[Result "1-0"]
[WhiteElo "1194"]
[BlackElo "1092"]
[PlyCount "84"]
[EventDate "2019.04.15"]
[EventType "swiss"]
[EventRounds "9"]
[EventCountry "ROU"]
[SourceTitle "EXT 2024"]
[Source "ChessBase"]
[SourceDate "2023.10.10"]
[SourceVersion "1"]
[SourceVersionDate "2023.10.10"]
[SourceQuality "1"]

1. d4 d5 2. Bf4 Bf5 3. e3 e6 4. c4 Nf6 5. Nc3 Be7 6. Nf3 0-0 7. c5 Nc6 8. a3 Ne4 9. Be2 Nxc3 10. bxc3 b6 11. Qa4 Na5 12. c6 Bd6 13. Bg3 Bxg3 14. hxg3 Qd6 15. Ba6 Rab8 16. Ne5 Rfe8 17. Bb7 Nxb7 18. cxb7 Kf8 19. Nd7+ Kg8 20. Nxb8 Rxb8 21. Qxa7 Qd8 22. a4 c6 23. a5 bxa5 24. Rxa5 h6 25. Qxb8 Qxb8 26. Ra8 Qxa8 27. bxa8Q+ Kh7 28. Qxc6 Kg6 29. f3 Bd3 30. e4 Bc4 31. f4 Kf6 32. Rh5 Ke7 33. exd5 Bxd5 34. Rxd5 exd5 35. Qxd5 g5 36. fxg5 hxg5 37. Qxg5+ Kf8 38. Qd5 Ke8 39. c4 Ke7 40. c5 Kf6 41. c6 Ke7 42. c7 Kf6 1-0

[Event "ROM-ch U10 Girls"]
[Site "Calimanesti Caciulata"]
[Date "2019.04.17"]
[Round "4.1"]
[White "Darie, Cleopatra Iuliana"]
[Black "Stefan, Iulia Cristiana"]
[Result "0-1"]
[WhiteElo "1194"]
[BlackElo "1359"]
[PlyCount "44"]
[EventDate "2019.04.15"]
[EventType "swiss"]
[EventRounds "9"]
[EventCountry "ROU"]
[SourceTitle "EXT 2024"]
[Source "ChessBase"]
[SourceDate "2023.10.10"]
[SourceVersion "1"]
[SourceVersionDate "2023.10.10"]
[SourceQuality "1"]

1. d4 d6 2. Bf4 g6 3. e4 Nf6 4. Nc3 Bg7 5. Qd2 c6 6. 0-0-0 b5 7. f3 Qa5 8. Kb1 b4 9. Nce2 Nbd7 10. Bh6 Bxh6 11. Qxh6 Rb8 12. Nc1 Ba6 13. Bxa6 Qxa6 14. Nh3 Nb6 15. e5 dxe5 16. dxe5 Nfd5 17. Rhe1 Nc4 18. Ng5 Nc3+ 19. bxc3 bxc3+ 20. Ka1 Qa3 21. Nd3 Rb2 22. Nb4 Rxa2+ 0-1

[Event "ROM-ch U08 Girls"]
[Site "Baile Felix"]
[Date "2017.02.08"]
[Round "8"]
[White "Darie, Cleopatra Iuliana"]
[Black "Stefan, Iulia Cristiana"]
[Result "1-0"]
[WhiteElo "1051"]
[BlackElo "1205"]
[PlyCount "53"]
[EventDate "2017.02.02"]
[EventType "swiss"]
[EventRounds "9"]
[EventCountry "ROU"]
[SourceTitle "CBM 176 Extra"]
[Source "ChessBase"]
[SourceDate "2017.03.02"]
[SourceVersion "1"]
[SourceVersionDate "2017.03.02"]
[SourceQuality "1"]

1. e4 e5 2. Nf3 Nc6 3. Bc4 Be7 4. d4 d6 5. dxe5 dxe5 6. Qxd8+ Bxd8 7. Be3 Nf6 8. Nc3 0-0 9. Bc5 Re8 10. Ng5 Be7 11. Bxf7+ Kf8 12. Bxe8 Kxe8 13. Bxe7 Kxe7 14. 0-0-0 h6 15. Nf3 Bg4 16. h3 Bh5 17. Nd5+ Nxd5 18. Rxd5 Bg6 19. Nxe5 Bxe4 20. Nxc6+ bxc6 21. Re5+ Kf6 22. Rxe4 Rd8 23. Rd1 Rb8 24. Rf4+ Kg6 25. Rd7 Rc8 26. Rff7 Rg8 27. Rxc7 1-0